[Event "SLO-chT2 East"]
[Site "Velenje"]
[Date "2006.09.18"]
[Round "5"]
[White "Obolnar, Sreco"]
[Black "Zajsek, Franc"]
[Result "0-1"]
[WhiteElo "1851"]
[BlackElo "1774"]
[PlyCount "127"]
[EventDate "2006.05.21"]
[EventType "team"]
[EventRounds "9"]
[EventCountry "SLO"]
[SourceTitle "EXT 2008"]
[Source "ChessBase"]
[SourceDate "2007.11.25"]
[SourceVersion "1"]
[SourceVersionDate "2007.11.25"]
[SourceQuality "1"]

1. d4 d5 2. c4 e6 3. e3 Nf6 4. Nf3 c6 5. Be2 dxc4 6. Bxc4 b5 7. Bb3 Bb7 8. 0-0 Nbd7 9. a4 a6 10. Nbd2 Bb4 11. Qe2 0-0 12. Rd1 Re8 13. Nf1 Qb6 14. Ng3 c5 15. e4 cxd4 16. Nxd4 Bc5 17. a5 Qc7 18. Be3 Nxe4 19. Nxe4 Bxe4 20. Rac1 Qb7 21. f3 Bg6 22. Qf2 Rac8 23. Ne2 Bb4 24. Nf4 Rxc1 25. Rxc1 Bxa5 26. h4 h6 27. Nxg6 fxg6 28. Qc2 Bb6 29. Bxb6 Qxb6+ 30. Kh1 Qd4 31. g3 Qe3 32. Kg2 Ne5 33. Rf1 Rd8 34. Rf2 Nxf3 35. Bxe6+ Qxe6 36. Rxf3 Rf8 37. Rd3 Qf5 38. Qe2 Rf6 39. Re3 Rc6 40. Re8+ Kh7 41. Rh8+ Kxh8 42. Qe8+ Kh7 43. Qxc6 Qf6 44. Qc2 Qf5 45. Qc6 a5 46. Qc3 Qe4+ 47. Kf2 b4 48. Qb3 Qe5 49. Kf3 Qb5 50. g4 a4 51. Qc2 h5 52. gxh5 Qxh5+ 53. Kg3 Qe5+ 54. Kg2 b3 55. Qb1 Qe2+ 56. Kg3 Qc2 57. Qa1 Qc4 58. Qa3 Qd4 59. Qa1 Qd2 60. Kg4 Kh6 61. Qa3 Qd4+ 62. Kg3 Kh5 63. Qf8 Qxh4+ 64. Kf3 0-1

[Event "SLO-chT2 East"]
[Site "Velenje"]
[Date "2006.06.06"]
[Round "3"]
[White "Cerjak, Andrej"]
[Black "Obolnar, Sreco"]
[Result "0-1"]
[WhiteElo "2071"]
[BlackElo "1851"]
[PlyCount "155"]
[EventDate "2006.05.21"]
[EventType "team"]
[EventRounds "9"]
[EventCountry "SLO"]
[SourceTitle "EXT 2008"]
[Source "ChessBase"]
[SourceDate "2007.11.25"]
[SourceVersion "1"]
[SourceVersionDate "2007.11.25"]
[SourceQuality "1"]

1. e4 c5 2. f4 Nc6 3. Nf3 d6 4. Bb5 Bd7 5. c3 a6 6. Ba4 e6 7. 0-0 Nf6 8. Bc2 Qc7 9. d3 Be7 10. Nbd2 0-0 11. Nc4 b5 12. Ne3 Rad8 13. Qe1 d5 14. e5 Ne8 15. Ng4 d4 16. Qg3 f5 17. exf6 Nxf6 18. Nge5 Bc8 19. c4 Nb4 20. Bb3 bxc4 21. Bxc4 Nbd5 22. Qh3 Ne8 23. Bxa6 Nxf4 24. Bxf4 Rxf4 25. Bc4 Rd6 26. a4 Rf8 27. a5 Qa7 28. a6 Nc7 29. Ra5 Nd5 30. Rfa1 Ne3 31. Nd2 Bf6 32. Ne4 Nxc4 33. Nxc4 Rc6 34. Ncd6 Be5 35. Nb5 Qa8 36. Qh5 Rf5 37. Qh4 Bxa6 38. Nxc5 Bxh2+ 39. Qxh2 Rfxc5 40. Qf4 e5 41. Qf1 Qb7 42. Qf3 Rc1+ 43. Rxc1 Rxc1+ 44. Kf2 Qxf3+ 45. gxf3 Rc2+ 46. Kg3 Rxb2 47. Nd6 Rb6 48. Nf5 Re6 49. Kf2 g6 50. Nh6+ Kg7 51. Ng4 Bxd3 52. Ra7+ Kf8 53. Rxh7 Bf5 54. Nh6 Rf6 55. Ke2 g5 56. Nxf5 Rxf5 57. Ra7 Rf7 58. Ra8+ Ke7 59. Rg8 Kf6 60. Rd8 Kf5 61. Kf2 g4 62. fxg4+ Kxg4+ 63. Ke2 Kf4 64. Kd3 e4+ 65. Kxd4 Kf3 66. Re8 Rd7+ 67. Kc3 e3 68. Kc2 Kf2 69. Rf8+ Ke1 70. Rh8 Rf7 71. Rh1+ Ke2 72. Rh2+ Rf2 73. Rh3 Kf1+ 74. Kd3 e2 75. Rh1+ Kg2 76. Re1 Kf3 77. Kd2 Rh2 78. Ra1 0-1

[Event "SLO-chT2 East"]
[Site "Velenje"]
[Date "2006.06.06"]
[Round "2"]
[White "Obolnar, Sreco"]
[Black "Volcansek, Joze"]
[Result "1/2-1/2"]
[WhiteElo "1851"]
[BlackElo "1926"]
[PlyCount "32"]
[EventDate "2006.05.21"]
[EventType "team"]
[EventRounds "9"]
[EventCountry "SLO"]
[SourceTitle "EXT 2008"]
[Source "ChessBase"]
[SourceDate "2007.11.25"]
[SourceVersion "1"]
[SourceVersionDate "2007.11.25"]
[SourceQuality "1"]

1. e4 e6 2. d4 d5 3. e5 c5 4. c3 Nc6 5. Bb5 a6 6. Bxc6+ bxc6 7. Nf3 cxd4 8. cxd4 c5 9. 0-0 Qb6 10. Nc3 Bd7 11. dxc5 Bxc5 12. Na4 Bxa4 13. Qxa4+ Qb5 14. Qg4 g6 15. Bd2 h5 16. Qf4 Bf8 1/2-1/2